[Event "Hoersching op 3rd"]
[Site "Hoersching"]
[Date "2015.09.04"]
[Round "5"]
[White "Kretz, Nikolaus"]
[Black "Holzmann, Hermann"]
[Result "1-0"]
[WhiteElo "1857"]
[BlackElo "1568"]
[PlyCount "82"]
[EventDate "2015.08.31"]
[EventType "swiss"]
[EventRounds "7"]
[EventCountry "AUT"]
[SourceTitle "EXT 2016"]
[Source "ChessBase"]
[SourceDate "2015.10.08"]
[SourceVersion "1"]
[SourceVersionDate "2015.10.08"]
[SourceQuality "1"]

1. e4 e5 2. Nf3 Nf6 3. Bc4 Nxe4 4. Qe2 d5 5. Nxe5 Be6 6. Bb3 Bc5 7. 0-0 Qd6 8. Nf3 0-0 9. d3 Nf6 10. Bg5 Nbd7 11. d4 Bb6 12. c3 Rfe8 13. Ne5 c6 14. Nd2 h6 15. Bh4 Bf5 16. Bg3 Qe7 17. Qf3 Be4 18. Nxe4 Nxe4 19. Bc2 Nd2 20. Qd3 Nf6 21. Qxd2 Ne4 22. Bxe4 dxe4 23. Rfe1 Rad8 24. Qf4 Bc7 25. Nxc6 Bxf4 26. Nxe7+ Rxe7 27. Bxf4 f5 28. h4 Kf7 29. Re3 Rd5 30. Rd1 h5 31. c4 Ra5 32. a3 Rd7 33. b4 Ra6 34. c5 Rd5 35. Rc3 Re6 36. g3 a6 37. Be3 Rc6 38. Rdc1 Ke6 39. a4 b5 40. axb5 axb5 41. Ra3 Rd7 1-0